[Event "CAN-ch U20 Girls"]
[Site "Calgary"]
[Date "2012.01.06"]
[Round "3"]
[White "Gagne, Rachel"]
[Black "Gagne, Hope"]
[Result "1-0"]
[WhiteElo "1372"]
[BlackElo "1238"]
[PlyCount "51"]
[EventDate "2012.01.05"]
[EventType "tourn"]
[EventRounds "5"]
[EventCountry "CAN"]
[SourceTitle "EXT 2022"]
[Source "ChessBase"]
[SourceDate "2021.10.06"]
[SourceVersion "1"]
[SourceVersionDate "2021.10.06"]
[SourceQuality "1"]

1. e4 e5 2. Nf3 Bc5 3. Bc4 Bb6 4. Nxe5 Nh6 5. d3 Qe7 6. Qe2 g5 7. Nc3 f5 8. exf5 Nxf5 9. Nd5 Qg7 10. Ng4+ Ne7 11. Nxe7 d6 12. Nf5+ Be6 13. Nxg7+ Kd8 14. Nxe6+ Ke8 15. Be3 Ba5+ 16. Bd2 Bb6 17. 0-0 Nc6 18. Bxg5 Nd4 19. Qe1 Ba5 20. Qxa5 Nc6 21. Qxc7 Rg8 22. Qxb7 d5 23. Qxa8+ Kd7 24. Bxd5 Kd6 25. Qxg8 h6 26. Qd8+ 1-0

[Event "CAN-ch U20 Girls"]
[Site "Calgary"]
[Date "2012.01.05"]
[Round "1"]
[White "Gagne, Rachel"]
[Black "Bustos, Chantel"]
[Result "1/2-1/2"]
[WhiteElo "1372"]
[BlackElo "490"]
[PlyCount "37"]
[EventDate "2012.01.05"]
[EventType "tourn"]
[EventRounds "5"]
[EventCountry "CAN"]
[SourceTitle "EXT 2022"]
[Source "ChessBase"]
[SourceDate "2021.10.06"]
[SourceVersion "1"]
[SourceVersionDate "2021.10.06"]
[SourceQuality "1"]

1. e4 e5 2. Nf3 Bc5 3. Nxe5 Qh4 4. Qe2 d6 5. Nd3 Qxf2+ 6. Nxf2 Bxf2+ 7. Qxf2 Nf6 8. Bb5+ c6 9. Ba4 Nxe4 10. Qe3 d5 11. d3 Bf5 12. dxe4 Bxe4 13. Nc3 0-0 14. Bd2 Re8 15. 0-0-0 Nd7 16. Rhe1 Nf6 17. Qf4 h6 18. Qc7 Rac8 19. Qxb7 1/2-1/2